Statistics for Picture Quiz: famous people, first name starts with E

Click here to take the quiz!

General Stats

  • This quiz has been taken 158 times
  • The average score is 7 of 15

Answer Stats

Answer% Correct
Emma Watson
87%
Eddie Murphy
82%
Elizabeth Taylor
72%
Eleanor Roosevelt
64%
Ella Fitzgerald
60%
Elijah Wood
57%
Ernest Hemingway
51%
Ethan Hawke
48%
Emma Thompson
43%
Ellen Page
35%
Eddie Vedder
27%
Elizabeth Olsen
25%
Eddy Grant
13%
Elaine Stritch
7%
Ezra Pound
4%

Score Distribution

Percentile by Number Answered

Percent of People with Each Score

Your Score History

You have not taken this quiz